| 000 | 00436nam a2200157 i 4500 | ||
|---|---|---|---|
| 001 | 59019 | ||
| 003 | ES-MaACL | ||
| 005 | 20230906163938.0 | ||
| 007 | t| | ||
| 008 | 031027s1959 sp ||||1| lat d | ||
| 100 | 1 |
_aEcharri, Jaime. _946496 |
|
| 245 | 1 | 0 |
_aPhilosophia entis sensibilis / _cauctore Jaime Echarri. |
| 260 |
_aBarcinone : _bHerder, _c1959 ( _fAltés) |
||
| 300 |
_a483 p. ; _c24 cm. |
||
| 852 |
_aES-MaACL _jC-18262 _bR.46506 |
||
| 999 |
_c59019 _d59019 |
||